Berlin U-Bahn Stations - Statistics

General Stats
  • This quiz has been taken 77 times
  • The average score is 107 of 205
Answer Stats
Hint Answer % Correct
U2 | U5 | U8 Alexanderplatz
87%
U6 Friedrichstraße
87%
U55 Hauptbahnhof
87%
U1 | U3 Warschauer Straße
87%
U55 Brandenburger Tor
85%
U1 | U3 Kurfürstenstraße
83%
U1 | U2 | U3 | U4 Nollendorfplatz
81%
U1 | U3 | U6 Hallesches Tor
79%
U2 | U9 Zoologischer Garten
79%
U1 | U2 | U3 Gleisdreieck
77%
U7 | U8 Hermannplatz
77%
U1 | U3 | U8 Kottbusser Tor
77%
U2 Pankow
77%
U1 Uhlandstraße
75%
U1 | U2 | U3 Wittenbergplatz
75%
U6 Alt-Tegel
73%
U6 | U7 Mehringdamm
73%
U6 Alt-Mariendorf
71%
U55 Bundestag
71%
U3 Görlitzer Bahnhof
71%
U3 Krumme Lanke
71%
U1 | U9 Kurfürstendamm
71%
U7 Rathaus Spandau
71%
U1 | U3 | U7 Möckernbrücke
69%
U8 | U9 Osloer Straße
69%
U2 Potsdamer Platz
69%
U1 | U3 Schlesisches Tor
69%
U2 | U6 Stadtmitte
69%
U4 | U7 Bayerischer Platz
67%
U2 Bülowstraße
67%
U5 Hönow
65%
U2 Ruhleben
65%
U6 Tempelhof
65%
U2 Eberswalder Straße
63%
U5 Frankfurter Allee
63%
U5 Frankfurter Tor
63%
U4 Innsbrucker Platz
63%
U2 Olympia-Stadion
63%
U1 | U3 Prinzenstraße
63%
U7 | U9 Berliner Straße
62%
U2 Deutsche Oper
62%
U2 Rosa-Luxemburg-Platz
62%
U8 Hermannstraße
60%
U3 Onkel Toms Hütte
60%
U6 Platz der Luftbrücke
60%
U7 Rudow
60%
U6 | U9 Leopoldplatz
58%
U4 Rathaus Schöneberg
58%
U2 Schönhauser Allee
58%
U6 Wedding
58%
U7 Yorckstraße
58%
U8 Wittenau
56%
U6 Alt-Tempelhof
54%
U2 | U7 Bismarckstraße
54%
U3 | U7 Fehrbelliner Platz
54%
U3 Freie Universität (Thielplatz)
54%
U6 Kochstraße/ Checkpoint Charlie
54%
U7 Neukölln
54%
U9 Rathaus Steglitz
54%
U3 | U9 Spichernstraße
54%
U2 Theodor-Heuss-Platz
54%
U3 Dahlem-Dorf
52%
U8 Gesundbrunnen
52%
U1 Görlitzer Bahnhof
52%
U8 Jannowitzbrücke
52%
U2 Märkisches Museum
52%
U2 Mohrenstraße
52%
U4 Viktoria-Luise-Platz
52%
U3 Heidelberger Platz
50%
U7 Jungfernheide
50%
U7 Karl-Marx-Straße
50%
U6 Oranienburger Tor
50%
U2 Spittelmarkt
50%
U7 Südstern
50%
U5 Tierpark
50%
U6 Afrikanische Straße
48%
U3 Augsburger Straße
48%
U2 Ernst-Reuter-Platz
48%
U8 Heinrich-Heine-Straße
48%
U7 Rathaus Neukölln
48%
U9 Schloßstraße
48%
U5 Weberwiese
48%
U9 Bundesplatz
46%
U2 Mendelssohn-Bartholdy-Park
46%
U8 Moritzplatz
46%
U8 Rosenthaler Platz
46%
U6 Seestraße
46%
U2 Senefelderplatz
46%
U5 Strausberger Platz
46%
U7 Altstadt Spandau
44%
U8 Boddinstraße
44%
U3 Hohenzollernplatz
44%
U7 Kleistpark
44%
U2 Klosterstraße
44%
U6 Kurt-Schumacher-Platz
44%
U5 Lichtenberg
44%
U6 Naturkundemuseum
44%
U6 Paradestraße
44%
U5 Samariterstraße
44%
U8 Schönleinstraße
44%
U7 Adenauerplatz
42%
U8 Bernauer Straße
42%
U7 Blissestraße
42%
U7 Eisenacher Straße
42%
U6 Französische Straße
42%
U7 Konstanzer Straße
42%
U8 Leinestraße
42%
U3 Podbielskiallee
42%
U6 Rehberge
42%
U7 Richard-Wagner-Platz
42%
U7 Rohrdamm
42%
U2 Vinetastraße
42%
U2 Hausvogteiplatz
40%
U5 Magdalenenstraße
40%
U3 Oskar-Helene-Heim
40%
U8 Paracelsus-Bad
40%
U6 Reinickendorfer Straße
40%
U3 Rüdesheimer Platz
40%
U7 Zitadelle
40%
U3 Breitenbachplatz
38%
U7 Gneisenaustraße
38%
U6 Schwartzkopffstraße
38%
U7 Siemensdamm
38%
U2 Sophie-Charlotte-Platz
38%
U9 Turmstraße
38%
U8 Voltastraße
38%
U9 Walther-Schreiber-Platz
38%
U8 Weinmeisterstraße
38%
U9 Birkenstraße
37%
U7 Grenzallee
37%
U9 Güntzelstraße
37%
U9 Hansaplatz
37%
U2 Neu-Westend
37%
U8 Pankstraße
37%
U9 Westhafen
37%
U7 Wilmersdorfer Straße
37%
U9 Friedrich-Wilhelm-Platz
35%
U5 Kaulsdorf-Nord
35%
U9 Amrumer Straße
33%
U5 Biesdorf-Süd
33%
U7 Britz-Süd
33%
U5 Friedrichsfelde
33%
U7 Haselhorst
33%
U5 Kienberg (Gärten der Welt)
33%
U7 Mierendorffplatz
33%
U6 Otisstraße
33%
U7 Paulsternstraße
33%
U5 Schillingstraße
33%
U6 Ullsteinstraße
33%
U5 Cottbusser Platz
31%
U6 Kaiserin-Augusta-Straße
31%
U9 Nauener Platz
31%
U6 Borsigwerke
29%
U5 Elsterwerdaer Platz
29%
U7 Jakob-Kaiser-Platz
29%
U7 Johannisthaler Chaussee
29%
U7 Lipschitzallee
29%
U7 Zwickauer Damm
29%
U7 Halemweg
27%
U8 Karl-Bonhoeffer-Nervenklinik
27%
U5 Louis-Lewin-Straße
27%
U2 Messe Nord / ICC (Witzleben)
27%
U8 Rathaus Reinickendorf
27%
U7 Blaschkoallee
25%
U8 Lindauer Allee
25%
U6 Scharnweberstraße
25%
U5 Wuhletal
25%
U7 Wutzkyallee
25%
U8 Franz-Neumann-Platz
23%
U5 Hellersdorf
23%
U6 Holzhauser Straße
23%
U8 Residenzstraße
21%
U6 Westphalweg
21%
U7 Parchimer Allee
19%
No matching quizzes found
Score Distribution
Percent of People with Each Score
Percentile by Number Answered
Your Score History
You have not taken this quiz